Moderní slovník softwaru : výkladový anglicko-český a česko-anglický
Saved in:
| Main Author | |
|---|---|
| Format | Book |
| Language | Czech English |
| Published |
Praha :
AV Software,
2006
|
| Edition | Vyd. 1. |
| Subjects | |
| ISBN | 8090142885 |
| Physical Description | 588 s. ; 23 cm |
Cover
| LEADER | 00000cam a2200000 a 4500 | ||
|---|---|---|---|
| 001 | 24622 | ||
| 003 | CZ-ZlUTB | ||
| 005 | 20190825234720.0 | ||
| 007 | ta | ||
| 008 | 050915s2006 xr e e 000 0 cze | ||
| 015 | |a cnb001582171 | ||
| 020 | |a 8090142885 |q (brož.) | ||
| 035 | |a (OCoLC)85162538 | ||
| 040 | |a OLA001 |b cze |c OLA001 |d ZLD002 | ||
| 041 | 0 | |a cze |a eng | |
| 072 | 7 | |a 004 |x Počítačová věda. Výpočetní technika. Informační technologie |2 Konspekt |9 23 | |
| 072 | 7 | |a 81 |x Lingvistika. Jazyky |2 Konspekt |9 11 | |
| 080 | |a 004 |2 MRF | ||
| 080 | |a 621.39+004.7 |2 MRF | ||
| 080 | |a 811.111 |2 MRF | ||
| 080 | |a 811.162.3 |2 MRF | ||
| 080 | |a 81'373.46 |2 MRF | ||
| 080 | |a (038.072) |2 MRF | ||
| 080 | |a (038)81 |2 MRF | ||
| 100 | 1 | |a Vitovský, Antonín |7 xx0029347 |4 aut | |
| 245 | 1 | 0 | |a Moderní slovník softwaru : |b výkladový anglicko-český a česko-anglický / |c Antonín Vitovský |
| 246 | 3 | |a Výkladový anglicko-český a česko-anglický slovník softwaru | |
| 246 | 3 | |a Anglicko-český a česko-anglický výkladový slovník softwaru | |
| 246 | 3 | |a Česko-anglický a anglicko-český výkladový slovník softwaru | |
| 246 | 3 | 0 | |a Slovník softwaru |
| 250 | |a Vyd. 1. | ||
| 260 | |a Praha : |b AV Software, |c 2006 | ||
| 300 | |a 588 s. ; |c 23 cm | ||
| 520 | 9 | |a Moderní oblasti a trendy ve světě počítačů. Obsahuje více než 13 000 výrazů. Zahrnuje nabídku synonym a odkazů. | |
| 520 | 9 | |a Svět kolem počítačů se neustále obohacuje o nová slova. Aby člověk neztrácel přehled, slouží k tomuto účelu slovník softwaru. Část anglická obsahuje slovník výkladový s nabídkou synonym a odkazů na další slova. část česká uvádí pouze překlad slov do angličtiny, jejich výklad lze následně opět nalézt v anglické části. | |
| 650 | 0 | 7 | |a informační technologie |7 ph121106 |2 czenas |
| 650 | 0 | 7 | |a komunikační technologie |7 ph121769 |2 czenas |
| 650 | 0 | 7 | |a angličtina |7 ph114056 |2 czenas |
| 650 | 0 | 7 | |a čeština |7 ph135292 |2 czenas |
| 650 | 0 | 7 | |a oborová terminologie |7 ph138998 |2 czenas |
| 650 | 0 | 9 | |a computer technology |2 eczenas |
| 650 | 0 | 9 | |a information technology |2 eczenas |
| 650 | 0 | 9 | |a communication technology |2 eczenas |
| 650 | 0 | 9 | |a English language |2 eczenas |
| 650 | 0 | 9 | |a Czech language |2 eczenas |
| 650 | 0 | 9 | |a terminology (professional) |2 eczenas |
| 655 | 7 | |a výkladové slovníky |7 fd133855 |2 czenas | |
| 655 | 7 | |a dvojjazyčné překladové slovníky |7 fd208746 |2 czenas | |
| 655 | 9 | |a explanatory dictionaries |2 eczenas | |
| 655 | 9 | |a bilingual translation dictionaries |2 eczenas | |
| 910 | |a ZLD002 | ||
| 952 | |0 0 |1 0 |4 0 |6 004VITOVSKÝA |7 0 |8 BOOK |9 47163 |a UTBZL |b UTBZL |c 005 |d 2006-07-29 |l 0 |o 004/VITOVSKÝ,A. |p 420010099974 |r 2019-08-25 00:00:00 |v 268.00 |w 2019-08-25 |x N:nákup | 20100831 |y 01 | ||
| 952 | |0 0 |1 0 |4 0 |6 004VITOVSKÝA |7 0 |8 BOOK |9 47166 |a UTBZL |b UTBZL |c 030 |d 2006-07-29 |l 1 |o 004/VITOVSKÝ,A. |p 420010099976 |r 2019-08-25 00:00:00 |v 268.00 |w 2019-08-25 |x N:nákup | 20100831 |y 05 | ||
| 992 | |a BK |b SK |d 1 | ||
| 901 | |b 9788090142886 |f 1. vyd. |o 20060206 | ||
| 998 | |a 002401214 | ||
| 999 | |c 24622 |d 24622 | ||